| 000 | 00797nam a2200253 i 4500 | ||
|---|---|---|---|
| 001 | 29881 | ||
| 003 | ES-MaACL | ||
| 005 | 20230906154114.0 | ||
| 007 | t| | ||
| 008 | 030123s1978 sp ||||1| spa d | ||
| 020 | _a84-7214-036-9 | ||
| 245 | 0 | 3 |
_aLa base molecular de la vida / _c[versión dirigida por Julio R. Villanueva]. |
| 250 | _a1ª ed., 1ª reimp. | ||
| 260 |
_aMadrid : _bHermann Blume, _c1978. |
||
| 300 |
_a433 p. : _bil. col. y n. ; _c28 cm. |
||
| 490 | 1 | _aSelecciones de Scientific American | |
| 504 | _aBibliografía: p. 423-433. | ||
| 650 | 4 |
_aBiología molecular. _910589 |
|
| 700 | 1 |
_aVillanueva, Julio R. _9181288 |
|
| 710 | 2 |
_aScientific American. _96515 |
|
| 830 | 1 |
_aSelecciones de Scientific American _9181289 |
|
| 852 |
_aES-MaACL _jA-9400 |
||
| 999 |
_c29881 _d29881 |
||